Vampire Academy - Statistics

General Stats
  • This quiz has been taken 94 times
  • The average score is 8 of 33
Answer Stats
Answer % Correct
Rose Hathaway
90%
Dimitri Belikov
71%
Vasilisa Dragomir
65%
Adrian Ivashkov
59%
Christian Ozera
56%
Sydney
52%
Mason
46%
Victor Dashkov
41%
Janine Hathaway
35%
Tasha Ozera
35%
Mia Rinaldi
32%
Sonya Karp
32%
Natalie Dashkov
30%
Jesse Zeklos
27%
Abe Mazur
24%
Eddie Castile
22%
Jill Mastrano
21%
Alberta Petrov
19%
Stan Alto
13%
Robert Doru
11%
Nathan
10%
Aaron Drozdov
8%
Galina
8%
Ralf Sarcozy
8%
Daniella Ivashkov
6%
Queen Tatiana Ivashkov
6%
Emily Mastrano
5%
Isaiah
5%
Angeline Dawes
3%
Elena
3%
Headmistress Ellen Kirova
3%
Clarence Donahue
0%
Dr. Olendzki
0%
No matching quizzes found
Score Distribution
Percent of People with Each Score
Percentile by Number Answered
Your Score History
You have not taken this quiz